| 000 | 00654nam a2200193Ia 4500 | ||
|---|---|---|---|
| 003 | OSt | ||
| 005 | 20260406124428.0 | ||
| 008 | 210210b2000 xxu||||| |||| 00| 0 eng d | ||
| 040 | _cAL | ||
| 041 | _aHindi | ||
| 082 | _aH491.5 VISS | ||
| 100 |
_aVISHVENDR (R P). _9152197 _dविश्वेंद्र (आर पी) |
||
| 245 |
_aSarasvati sachitr hindi vyakaran. Bhag 2. (kaksha 7 ke liye). _bसरस्वती सचित्र हिंदी व्याकरण : भाग २ |
||
| 260 |
_aDilli. _bSarasvati Private Limited., _c2000 |
||
| 300 | _aiii,266 | ||
| 690 |
_aHindi Grammar _9152198 |
||
| 906 | _a051375 | ||
| 942 |
_2ddc _cBK |
||
| 999 |
_c100005 _d100005 |
||